| 000 | 00347nam a2200133Ia 4500 | ||
|---|---|---|---|
| 005 | 20251222144829.0 | ||
| 008 | 251222s9999||||xx |||||||||||||| ||spa|| | ||
| 020 | _a978-612-311-174-8 | ||
| 082 | _a344.01/G23R | ||
| 100 | _aGarcía Manrique, Álvaro | ||
| 245 | 0 | _aRemuneraciones y Beneficios Sociales | |
| 264 | _bGaceta Jurídica | ||
| 942 | _cLIB | ||
| 999 |
_c20798 _d20798 |
||